|
|
|
|
| LEADER |
00939nam a2200229 a 4500 |
| 001 |
GR-MES4035 |
| 008 |
991111s1996 gr 000 0 gre d |
| 020 |
|
|
|a 9602324007
|
| 040 |
|
|
|a GrPaTEI
|b gre
|c GR-PaULI
|
| 245 |
0 |
0 |
|a Σύστημα εμπορικών μισθώσεων
|n 1ος .
|p συστηματική ερμηνεία του Π.Δ 34/1995 και των συναφών νομων.
|
| 250 |
|
|
|a 2η
|
| 260 |
|
|
|a Αθήνα :
|b Σάκκουλας,
|c 1996
|
| 300 |
|
|
|a 776σελ.
|
| 650 |
|
4 |
|a Μισθώσεις
|
| 650 |
|
4 |
|a Νομοθεσία
|
| 650 |
|
4 |
|a Οικονομία
|
| 650 |
|
4 |
|a Φορολογία
|
| 700 |
1 |
|
|a Παπαδάκης, Χ.
|
| 942 |
|
|
|2 ddc
|
| 952 |
|
|
|0 0
|1 0
|2 ddc
|4 0
|6 346_070000000000000_ΠΑΠ
|7 0
|9 268682
|a MSLG
|b MSLG
|c BSC
|d 2021-01-17
|e 24
|f 0
|g 0.00
|l 0
|o 346.07 ΠΑΠ
|p 2420000012035
|r 2021-01-17 00:00:00
|t 1
|w 2021-01-17
|y BK15
|x 19991111 0 1
|x GrPaTEI
|
| 971 |
|
|
|a .b25750811
|b 16-04-20
|c 13-09-16
|
| 999 |
|
|
|c 154846
|d 154846
|